MBTI四大类人格类型的色彩、主义和职业类型 - Statistics

General Stats
  • This quiz has been taken 6 times
  • The average score is 5 of 12
Answer Stats
名称 名称 % Correct
紫人组 NT
100%
绿人组 NF
83%
蓝人组 SJ
83%
黄人组 SP
83%
绿人组 理想主义
50%
紫人组 理性主义
17%
蓝人组 传统主义
17%
黄人组 经验主义
17%
紫人组 分析家
17%
绿人组 外交家
17%
蓝人组 守护者
17%
黄人组 探险家
17%
No matching quizzes found
Score Distribution
Percent of People with Each Score
Percentile by Number Answered
Your Score History
You have not taken this quiz